| 000 | 00899nam a2200265 i 4500 | ||
|---|---|---|---|
| 001 | bg | ||
| 245 | 0 | 0 |
_aEncyklopedia. _nT. 9, _pkrema - ludno / _chasła encyklopedyczne oprac. przez Wydawnictwo Naukowe PWN ; [suplement Gazety Wyborczej przygot. przez zespół red. Juliusz Rawicz et al.]. |
| 260 |
_aWarszawa : _bMediasat Poland : _bAgora, _c2005. |
||
| 300 |
_a800 s. : _bil. ; _c23 cm. |
||
| 490 | 1 | _aEncyklopedia Gazety Wyborczej | |
| 500 | _aNazwa wydawcy w cop. | ||
| 650 | 9 | _aEncyklopedia polska | |
| 700 | 1 |
_aRAWICZ, Józef. _eRed. |
|
| 710 | 0 | _aWydawnictwo Naukowe |PWN | |
| 830 | _aEncyklopedia Gazety Wyborczej | ||
| 020 | _a8389651351 (całość) | ||
| 020 | _a8389651440 (t.9) | ||
| 040 | _cBPK | ||
| 041 | 0 | _apol | |
| 080 | _a0/9(03) | ||
| 920 | _a83-89651-35-1 (całość) | ||
| 920 | _a83-89651-44-0 (t.9) | ||
| 942 | _cKS | ||
| 008 | s pl f |000 0 pol | ||
| 999 |
_c46575 _d46575 |
||
| 856 |
_uhttp://koha.tu.koszalin.pl/cgi-bin/koha/opac-detail.pl?biblionumber=46575 _yKatalog online BPK |
||